| 000 | 00000cam 2200000zi 4500 |
| 001 | 9.958142 |
| 003 | CaOODSP |
| 005 | 20260604111208 |
| 006 | m o d f |
| 007 | cr |n||||||||| |
| 008 | 251210r19791977onc o f000 0 eng d |
| 040 | |aCaOODSP|beng|erda|cCaOODSP |
| 043 | |an-cn--- |
| 086 | 1 |aJS42-127/1979E-PDF |
| 245 | 00|aHighlights of the proposed new legislation for young offenders. |
| 264 | 1|a[Ottawa] : |bSolicitor General Canada = Solliciteur général Canada, |c1979. |
| 264 | 4|c©1977 |
| 300 | |a1 online resource (38 pages) |
| 336 | |atext|btxt|2rdacontent |
| 337 | |acomputer|bc|2rdamedia |
| 338 | |aonline resource|bcr|2rdacarrier |
| 500 | |aDigitized edition from print [produced by Public Safety Canada]. |
| 500 | |aIssued also in French under title: Points saillants de l'avant-projet de loi sur les jeunes contrevenants. |
| 650 | 0|aJuvenile delinquency|xLaw and legislation|zCanada. |
| 650 | 0|aJuvenile delinquents|xLegal status, laws, etc.|zCanada. |
| 650 | 0|aJuvenile justice, Administration of|zCanada. |
| 710 | 1 |aCanada. |bSolicitor General Canada, |eissuing body |
| 775 | 08|tPoints saillants de l'avant-projet de loi sur les jeunes contrevenants.|w(CaOODSP)9.963314 |
| 856 | 40|qPDF|s906 KB|uhttps://publications.gc.ca/collections/collection_2026/sp-ps/JS42-127-1979-eng.pdf |